000 01026nam a22003017a 4500
001 BR8402669
003 BR-BrBNA
005 20230928091927.0
007 ta
008 230509b bl.||||| |||| 00| 0 por d
040 _aBR-BrBNA
_bpor
_cBiblioteca Nacional de Agricultura
041 _a(Por)
072 _aE30; E10
_b5250
_b5240
_b/G514
090 _ 5250 BR8402669
110 1 _aFundacao Centro Estadual de Planejamento Agricola, Salvador, BA (Brasil)
_94810
245 1 _aPrograma de apoio a caprino-ovinocultura no estado da Bahia [projeto de desenvolvimento, Brasil]
260 3 _aSalvador, BA (Brasil):
_c1984.
300 _a30 p.
500 _a19 tables. (*) Documento disponível na(o) Fundacao Centro Estadual de Planejamento Agricola, Salvador, BA (Brazil)
650 _aCAPRINOCULTURA
650 _aOVINOCULTURA
650 _aPROJETO DE DESENVOLVIMENTO
650 _aDESENVOLVIMENTO ECONOMICO
650 _aEXTENSAO RURAL
650 _aBAHIA
909 _a202309
_bLucia
_c55
_dLucia Elande
942 _cBK
999 _c36239
_d36239